Co to za flaga? (fragmenty flag) - Statystyki

Ogólne statystyki
  • Ten quiz został rozwiązany 92 razy
  • Średni wynik to 10 z 16
Statystyki odpowiedzi
Obrazkowy Odpowiedź % Poprawnych
Kanada
100%
Izrael
96%
Argentyna
91%
Hiszpania
86%
Słowacja
84%
Korea Południowa
77%
Meksyk
71%
Liban
69%
San Marino
69%
Iran
56%
Niger
51%
Uganda
51%
Gruzja
49%
Filipiny
21%
Grenada
20%
Chorwacja
11%
Nie znaleziono quizów pasujących do podanych kryteriów
Rozkład punktacji
Procent ludzi z każdym wynikiem
Percentyl według liczby udzielonych odpowiedzi
Twoja historia wyników
Nie rozwiązałeś tego quizu